Nursing Education/ (Record no. 589)

MARC details
000 -LEADER
Fixed length control field 00499nam a2200193Ia 4500
003 - CONTROL NUMBER IDENTIFIER
Control field IIN
005 - DATE AND TIME OF LATEST TRANSACTION
Control field 20250502125051.0
008 - FIXED-LENGTH DATA ELEMENTS--GENERAL INFORMATION
Fixed length control field 231217s2024 xx ac 001 0 eng d
020 ## - INTERNATIONAL STANDARD BOOK NUMBER / ISBN
Price Rs.275.00
International Standard Book Number 9789374735794
040 ## - CATALOGING SOURCE
Original cataloging agency IIN
Language of cataloging English
082 ## - DEWEY DECIMAL CLASSIFICATION NUMBER
Classification number 610.7307
Book Number SAR
100 1# - MAIN ENTRY--PERSONAL NAME
Personal name Saran, Kulvinder Johal
245 1# - TITLE STATEMENT
Title Nursing Education/
Statement of responsibility Kulvinder Johal Saran
260 ## - IMPRINT
Place of publication Delhi
Name of publisher AITBS
Date of publication 2016
300 ## - PHYSICAL DESCRIPTION
Page / Vol. No xii, 231 p.
500 ## - GENERAL NOTE
General note Includes Index
650 1# - SUBJECT ADDED ENTRY--TOPICAL TERM
Topical term Education
Form subdivision Nursing
942 ## - ADDED ENTRY ELEMENTS (KOHA)
Koha item type Books
Holdings
Withdrawn status Lost status Source of classification Damaged status Not for loan Collection code Home library Current library Date acquired Price Total Checkouts Call number Accession number Checked out Date last seen Date checked out Copy number Price effective from Koha item type Shelving location
    Dewey Decimal Classification       IDEAL INSTITUTE OF NURSING IDEAL INSTITUTE OF NURSING 17/12/2023 275.00 1 610.7307 SAR 584 16/03/2026 09/03/2026 09/03/2026 1 17/12/2023 Books  
    Dewey Decimal Classification       IDEAL INSTITUTE OF NURSING IDEAL INSTITUTE OF NURSING 17/12/2023 275.00   610.7307 SAR 585   17/12/2023   2 17/12/2023 Books  
    Dewey Decimal Classification       IDEAL INSTITUTE OF NURSING IDEAL INSTITUTE OF NURSING 17/12/2023 275.00   610.7307 SAR 586   17/12/2023   3 17/12/2023 Books  
    Dewey Decimal Classification     Purches Book IDEAL INSTITUTE OF NURSING IDEAL INSTITUTE OF NURSING 11/03/2025     610.7307 SAR 1975   02/05/2025   4 02/05/2025 Books General Stacks
© Ideal Institute Of Nursing, All rights reserved.         Powered by Koha